¿Poder inteligente? : (Record no. 126477)
[ view plain ]
| 000 -LEADER | |
|---|---|
| campo de control de longitud fija | 02001nam a22002537a 4500 |
| 003 - IDENTIFICADOR DE NÚMERO DE CONTROL | |
| campo de control | BJBSDDR |
| 005 - FECHA Y HORA DE LA ÚLTIMA TRANSACCIÓN | |
| campo de control | 20260226182651.0 |
| 006 - CÓDIGOS DE INFORMACIÓN DE LONGITUD FIJA--CARACTERÍSTICAS DEL MATERIAL ADICIONAL | |
| campo de control de longitud fija | a|||||r|||| 00| 0 |
| 007 - CAMPO FIJO DE DESCRIPCIÓN FÍSICA--INFORMACIÓN GENERAL | |
| campo de control de longitud fija | ta |
| 008 - DATOS DE LONGITUD FIJA--INFORMACIÓN GENERAL | |
| campo de control de longitud fija | 260226s2012 cr |||||r|||| 00| 0 spa d |
| 020 ## - NÚMERO INTERNACIONAL ESTÁNDAR DEL LIBRO | |
| Número Internacional Estándar del Libro | 9789968260442 |
| 040 ## - FUENTE DE CATALOGACIÓN | |
| Lengua de catalogación | spa |
| Centro/agencia transcriptor | BJBSDDR |
| 041 ## - CÓDIGO DE IDIOMA | |
| Código de lengua del texto/banda sonora o título independiente | spa |
| 050 ## - SIGNATURA TOPOGRÁFICA DE LA BIBLIOTECA DEL CONGRESO | |
| Número de ítem | M538p 2012 |
| 100 1# - ENTRADA PRINCIPAL--NOMBRE DE PERSONA | |
| Nombre de persona | Méndez Soto, Marco Vinicio |
| 9 (RLIN) | 47239 |
| 245 10 - MENCIÓN DEL TÍTULO | |
| Título | ¿Poder inteligente? : |
| Resto del título | la doctrina Obama y Guantánamo / |
| Mención de responsabilidad, etc. | Marco Vinicio Méndez Coto. |
| 250 ## - MENCION DE EDICION | |
| Mención de edición | Primera edición |
| 260 ## - PUBLICACIÓN, DISTRIBUCIÓN, ETC. | |
| Lugar de publicación, distribución, etc. | Costa Rica : |
| Nombre del editor, distribuidor, etc. | Universidad Nacional de Costa Rica, |
| Fecha de publicación, distribución, etc. | 2012. |
| 300 ## - DESCRIPCIÓN FÍSICA | |
| Extensión | 151 páginas : |
| Otras características físicas | ilustraciones ; |
| Dimensiones | 22 cm |
| 505 ## - NOTA DE CONTENIDO CON FORMATO | |
| Nota de contenido con formato | Contenidos : Lista de abreviaturas – pág. 9<br/>Prólogo (por Eduardo E. Saxe Fernández) – pág. 11<br/><br/>Capítulo I. Origen, evolución y aplicación del concepto poder inteligente en la política exterior – pág. 25<br/><br/>Esquema de análisis<br/><br/>El uso académico del poder inteligente<br/><br/>El uso político del poder inteligente<br/> • Análisis del discurso del presidente Barack Obama<br/><br/>El uso crítico —epistemológico y político— del poder inteligente<br/> • Crítica epistemológica<br/> • Crítica política (latinoamericanista)<br/><br/>Capítulo II. Poder duro y poder suave como elementos constitutivos del poder inteligente – pág. 77<br/><br/>a) El poder duro como componente<br/>b) El poder suave como componente<br/><br/>Capítulo III. Alcances y limitaciones del concepto poder inteligente en la política exterior – pág. 113<br/><br/>a) Alcances explicativos y aportes<br/>b) Limitaciones teóricas y prácticas |
| 520 ## - RESUMEN, ETC. | |
| Sumario, etc. | El ensayo analiza las doctrinas de seguridad nacional y política exterior de la administración del presidente Barack Obama, reflexionando sobre la dificultad de alejarse de una política centrada en el uso de la guerra y la integración de estrategias político‑diplomáticas, examinando además el caso específico de Guantánamo como parte de esa política. |
| 942 ## - ELEMENTOS DE ENTRADA SECUNDARIOS (KOHA) | |
| Fuente del sistema de clasificación o colocación | Clasificación de Library of Congress |
| Suprimir en OPAC | No |
| Tipo de ítem Koha | Libro |
| 946 ## - PROCESAMIENTO DE INFORMACIÓN LOCAL (OCLC) | |
| Iniciales del agente catalogador | llh |
| Estatus retirado | Estado de pérdida | Fuente del sistema de clasificación o colocación | Estado de daño | No para préstamo | Colección | Biblioteca de origen | Biblioteca actual | Ubicación en estantería | Fecha de adquisición | Signatura topográfica completa | Código de barras | Visto por última vez | Copia número | Tipo de ítem Koha |
|---|---|---|---|---|---|---|---|---|---|---|---|---|---|---|
| Clasificación de Library of Congress | Automatización y Procesos Técnicos | Biblioteca Juan Bosch | Biblioteca Juan Bosch | Automatización y Procesos Técnicos (1er. Piso) | 26/02/2026 | M538p 2012 | 00000198459 | 26/02/2026 | 1 | Libro |
